000 00199 a2200097 4500
001 1017
100 _aHenney,K.
245 _aRadio engineering Handbook
260 _a
_bMcgraw
_c
090 _c589
_d589
942 _aNUST-CAE
_cM
_c32366
999 _c236090
_d236090